000 00615nam a2200229Ia 4500
003 OSt
005 20220112041216.0
008 151021s9999 xx 000 0 und d
020 _a9781845411954
040 _aMMU
_beng
_cMMU
_dMMU
050 _aG 155 .A1 H 56 2011
100 _aHinch, Tom
245 _aAspects of Tourism Sport tourism development/
_cTom Hinch.
250 _a2nd.
260 _aBristol:
_b chanel view,
_c2011.
300 _axviii, 258 p. :
500 _aIncludes index
500 _aIncludes index
650 _asport tourism
700 _aJames Higham
942 _2lcc
_cLOAN LOAN
999 _c14741
_d14741